| 000 | 01071nam a2200325Ia 4500 | ||
|---|---|---|---|
| 001 | 36433584 | ||
| 003 | OCoLC | ||
| 005 | 20240227101438.0 | ||
| 008 | 970224s1996 pk ab b 001 0 eng d | ||
| 020 | _a0195777352 | ||
| 020 | _a0195795121 | ||
| 040 |
_aPJW _cPJW _dNYP |
||
| 043 | _aa-pk--- | ||
| 049 | _aNYPG | ||
| 082 |
_a954.9183 _bLAR |
||
| 100 | 1 |
_aLari, Yasmeen. _9121382 |
|
| 245 | 1 | 4 |
_aThe dual city : _bKarachi during the Raj / _cYasmeen Lari & Mihail S. Lari. |
| 246 | 3 | 0 | _aKarachi during the Raj. |
| 260 |
_aKarachi : _bHeritage Foundation ; _bOxford University Press, _c2001.. |
||
| 300 |
_axi, 353 p. : _bill. (some col.), maps ; _c29 cm. |
||
| 504 | _aIncludes bibliographical references (p. 339-342) and index. | ||
| 650 | 0 |
_aArchitecture _zPakistan _zKarachi. _9121387 |
|
| 651 | 0 |
_aKarachi (Pakistan) _xHistory. _9121388 |
|
| 651 | 0 |
_aKarachi (Pakistan) _xDescription and travel. _9121389 |
|
| 700 | 1 |
_aLari, Mihail S. _9121390 |
|
| 942 |
_2ddc _cBK _aSADA _k954.9183 LAR 2001 |
||
| 946 | _am | ||
| 999 |
_c608295 _d608295 |
||